[Event "Winnipeg op"]
[Site "Winnipeg CAN"]
[Date "2025.01.04"]
[Round "2.5"]
[White "Bonness, Will"]
[Black "Punay, Rhailey"]
[Result "0-1"]
[WhiteElo "1922"]
[BlackElo "1812"]
[WhiteFideId "-1"]
[WhiteFideId "-1"]
[PlyCount "138"]
[GameId "2142984842293491"]
[EventDate "2025.01.03"]
[EventType "swiss"]
[EventRounds "5"]
[EventCountry "CAN"]

1. e4 e5 2. Nf3 Nc6 3. Nc3 Nf6 4. d4 exd4 5. Nxd4 Bb4 6. Nxc6 bxc6 7. Bd3 d5 8. exd5 cxd5 9. O-O O-O 10. h3 Re8 11. Qf3 c6 12. Bf4 Qa5 13. Ne2 Ba6 14. a3 Bf8 15. b4 Qb6 16. Ng3 Bxd3 17. Qxd3 a5 18. c3 Ne4 19. Nxe4 Rxe4 20. Qg3 Qa6 21. Rae1 Rc4 22. Be5 g6 23. Bd4 Bg7 24. Bxg7 Kxg7 25. Re7 c5 26. bxc5 Rxc5 27. Rfe1 Rac8 28. R1e6 Qxe6 29. Rxe6 fxe6 30. Qe5+ Kf7 31. Qf4+ Kg8 32. Qf6 R5c6 33. h4 Rf8 34. Qe5 Kf7 35. h5 Ke7 36. h6 Rd6 37. g4 Rf6 38. Qd4 Rc6 39. Qa7+ Kd6 40. Qxa5 e5 41. Qb4+ Rc5 42. Qb8+ Kc6 43. a4 Re6 44. Qc8+ Kd6 45. Qb8+ Rc7 46. a5 Ree7 47. Qb6+ Kd7 48. Qb5+ Ke6 49. Qb6+ Kf7 50. Qb3 Red7 51. g5 Ke6 52. Qb6+ Kf5 53. Qf6+ Ke4 54. f3+ Ke3 55. Kg2 e4 56. Qd4+ Kf4 57. Qf6+ Ke3 58. Qd4+ Ke2 59. fxe4 dxe4 60. Qxe4+ Kd2 61. c4 Kc3 62. Qe6 Rd2+ 63. Kf3 Rd3+ 64. Ke2 Rd2+ 65. Ke3 Rdd7 66. Kf3 Re7 67. Qd6 Rcd7 68. Qc6 Rf7+ 69. Ke4 Rd4+ 0-1

[Event "Winnipeg op"]
[Site "Winnipeg CAN"]
[Date "2025.01.04"]
[Round "2.6"]
[White "Kuryliw, Ray"]
[Black "Protsyuk, Svitlana"]
[Result "0-1"]
[WhiteElo "1905"]
[BlackElo "2062"]
[WhiteFideId "-1"]
[WhiteFideId "-1"]
[PlyCount "74"]
[GameId "2142984842293492"]
[EventDate "2025.01.03"]
[EventType "swiss"]
[EventRounds "5"]
[EventCountry "CAN"]

1. d4 Nf6 2. Bg5 g6 3. Bxf6 exf6 4. e3 Bg7 5. Bd3 d5 6. Nd2 Be6 7. c3 Qd6 8. Qb3 b6 9. h4 Nd7 10. h5 f5 11. hxg6 fxg6 12. f4 c5 13. Be2 g5 14. g3 g4 15. Bb5 h5 16. Ne2 a6 17. Bxd7+ Bxd7 18. O-O-O c4 19. Qc2 b5 20. Nf1 a5 21. e4 fxe4 22. Ne3 O-O-O 23. Ng2 Bf5 24. Ne3 Bg6 25. f5 Bh6 26. fxg6 Bxe3+ 27. Kb1 Qxg6 28. Rdf1 Rdf8 29. b3 Rf3 30. bxc4 dxc4 31. a4 Rhf8 32. Rxf3 gxf3 33. Nf4 Bxf4 34. gxf4 Qg2 35. Qxg2 fxg2 36. Rg1 Rg8 37. f5 h4 0-1

[Event "Winnipeg op"]
[Site "Winnipeg CAN"]
[Date "2025.01.04"]
[Round "2.7"]
[White "Somani, Sagar"]
[Black "Villamar, Eros"]
[Result "1/2-1/2"]
[WhiteElo "2004"]
[BlackElo "1732"]
[WhiteFideId "-1"]
[WhiteFideId "-1"]
[PlyCount "120"]
[GameId "2142984842293493"]
[EventDate "2025.01.03"]
[EventType "swiss"]
[EventRounds "5"]
[EventCountry "CAN"]

1. e4 e6 2. d4 d5 3. exd5 exd5 4. Bd3 Bd6 5. Ne2 Nf6 6. Bg5 h6 7. Bh4 c6 8. c3 Be6 9. Qb3 b6 10. Qc2 Nbd7 11. Bg3 Qc7 12. Nd2 O-O-O 13. O-O g5 14. c4 h5 15. c5 Bxg3 16. Nxg3 h4 17. Nf5 Bxf5 18. Bxf5 g4 19. Rac1 Kb7 20. Bxd7 Qxd7 21. b4 Ne4 22. Nxe4 dxe4 23. cxb6 axb6 24. Qxe4 f5 25. Qf4 Qxd4 26. Qxf5 g3 27. Qf3 gxh2+ 28. Kh1 Qd5 29. Qxd5 Rxd5 30. Rc2 Rd4 31. Rb2 Re8 32. Kxh2 Ree4 33. Rfb1 b5 34. f3 Rf4 35. a3 Kc7 36. Rb3 Rc4 37. R1b2 Rcd4 38. Rc3 Kd6 39. Re2 Rf8 40. Rce3 Rf5 41. Kh3 Rff4 42. Re6+ Kd7 43. R2e3 Rc4 44. R6e4 Rfxe4 45. fxe4 Rc2 46. g4 hxg3 47. Kxg3 Ke6 48. e5 Rc4 49. Kf3 Rh4 50. Kf2 Rc4 51. Ke2 Rc2+ 52. Kd3 Rc4 53. Re1 Rh4 54. Rc1 Kxe5 55. Rxc6 Rh3+ 56. Kc2 Rxa3 57. Rc5+ Kd4 58. Kb2 Re3 59. Rxb5 Kc4 60. Rb8 Rb3+ 1/2-1/2

[Event "Winnipeg op"]
[Site "Winnipeg CAN"]
[Date "2025.01.04"]
[Round "2.8"]
[White "Nagelberg, Alan"]
[Black "Anderson, Scott"]
[Result "1-0"]
[WhiteElo "1975"]
[BlackElo "1850"]
[WhiteFideId "-1"]
[WhiteFideId "-1"]
[PlyCount "89"]
[GameId "2142984842293494"]
[EventDate "2025.01.03"]
[EventType "swiss"]
[EventRounds "5"]
[EventCountry "CAN"]

1. c4 c5 2. Nc3 g6 3. g3 Bg7 4. Bg2 Nf6 5. a3 Nc6 6. Rb1 a5 7. Nf3 O-O 8. O-O Rb8 9. d3 Na7 10. b4 axb4 11. axb4 cxb4 12. Rxb4 d6 13. Ne1 Nd7 14. Bb2 Nc6 15. Ra4 Nc5 16. Ra3 Qb6 17. Ba1 Qb4 18. Nc2 Qb6 19. Nd5 Qd8 20. Bxg7 Kxg7 21. d4 Na6 22. Qd2 e6 23. Nde3 Ne7 24. Rb1 Qc7 25. Rab3 b6 26. Na3 Bd7 27. Nb5 Qd8 28. Qa2 Nc7 29. Nxd6 Bc6 30. c5 Ncd5 31. Nxd5 Bxd5 32. Bxd5 Nxd5 33. e4 Nf6 34. Rxb6 Qc7 35. Rb7 Rxb7 36. Rxb7 Qc6 37. Qa7 Nxe4 38. Rxf7+ Rxf7 39. Qxf7+ Kh6 40. Qf8+ Kh5 41. Qf3+ Kh6 42. Qxe4 Qa4 43. Qxe6 Qd1+ 44. Kg2 Qxd4 45. Qe3+ 1-0

[Event "Winnipeg op"]
[Site "Winnipeg CAN"]
[Date "2025.01.04"]
[Round "2.9"]
[White "Rutter, Blair"]
[Black "Pottinger, Carl"]
[Result "0-1"]
[WhiteElo "1898"]
[BlackElo "1778"]
[WhiteFideId "-1"]
[WhiteFideId "-1"]
[PlyCount "86"]
[GameId "2142984842293495"]
[EventDate "2025.01.03"]
[EventType "swiss"]
[EventRounds "5"]
[EventCountry "CAN"]

1. c4 c5 2. g3 g6 3. Bg2 Bg7 4. Nc3 Nc6 5. e3 e5 6. Nge2 Nge7 7. O-O O-O 8. d3 d6 9. h3 Be6 10. Kh2 a6 11. f4 f5 12. Nd5 Bxd5 13. cxd5 Na7 14. Rb1 b5 15. fxe5 Bxe5 16. d4 cxd4 17. exd4 Bg7 18. Nf4 Re8 19. Ne6 Qd7 20. b4 Nac8 21. Bg5 Nb6 22. Bxe7 Rxe7 23. Re1 Rae8 24. Qd3 Qb7 25. Qd2 Nc4 26. Qf4 Qa7 27. Red1 Qb7 28. h4 Qd7 29. Rb3 Kh8 30. h5 Rxe6 31. dxe6 Qxe6 32. Qf3 Qe2 33. hxg6 hxg6 34. a3 Qa2 35. Rdd3 Re2 36. Kh3 Rf2 37. Qa8+ Kh7 38. Qd5 Qe2 39. Kh2 Nd2 40. Re3 Nf1+ 41. Kg1 Nxe3 42. Rxe3 Qxe3 43. Kh2 Qxd4 0-1

[Event "Winnipeg op"]
[Site "Winnipeg CAN"]
[Date "2025.01.04"]
[Round "3.1"]
[White "Wiebe, Isaac"]
[Black "Gres, Yakiv"]
[Result "1-0"]
[WhiteElo "2223"]
[BlackElo "1918"]
[WhiteFideId "-1"]
[WhiteFideId "-1"]
[PlyCount "83"]
[GameId "2142984842293496"]
[EventDate "2025.01.03"]
[EventType "swiss"]
[EventRounds "5"]
[EventCountry "CAN"]

1. d4 Nf6 2. c4 e6 3. Nc3 Bb4 4. Qc2 c5 5. dxc5 Qc7 6. a3 Bxc5 7. Nf3 O-O 8. Bg5 Ng4 9. e3 h6 10. Bf4 Qd8 11. Rd1 Nc6 12. Bd3 f5 13. h3 e5 14. hxg4 exf4 15. Bxf5 fxe3 16. g5 exf2+ 17. Kf1 Rxf5 18. Qxf5 d5 19. Qxd5+ Qxd5 20. cxd5 Ne7 21. d6 Nf5 22. Ne4 Ne3+ 23. Ke2 Nxd1 24. Nxc5 Nxb2 25. d7 Bxd7 26. Nxd7 Rd8 27. Nde5 hxg5 28. Kxf2 Rd5 29. Rc1 Nd3+ 30. Nxd3 Rxd3 31. Nxg5 Kf8 32. Rc7 Rxa3 33. Ne6+ Ke8 34. Nxg7+ Kd8 35. Ne6+ Ke8 36. Rxb7 a5 37. g4 a4 38. g5 Ra2+ 39. Kf3 a3 40. g6 Rb2 41. g7 a2 42. g8=Q# 1-0

[Event "Winnipeg op"]
[Site "Winnipeg CAN"]
[Date "2025.01.04"]
[Round "3.2"]
[White "Stordeur, Jackson"]
[Black "Klusa, Mark"]
[Result "0-1"]
[WhiteElo "2000"]
[BlackElo "1861"]
[WhiteFideId "-1"]
[WhiteFideId "-1"]
[PlyCount "56"]
[GameId "2142984842301689"]
[EventDate "2025.01.03"]
[EventType "swiss"]
[EventRounds "5"]
[EventCountry "CAN"]

1. e4 c6 2. d4 d5 3. exd5 cxd5 4. c4 Nf6 5. Nc3 Nc6 6. Bg5 Be6 7. Be2 Qa5 8. Bf3 dxc4 9. Bxf6 exf6 10. d5 O-O-O 11. Qd2 Bb4 12. Nge2 Ne5 13. Be4 f5 14. Qd4 f6 15. Nf4 fxe4 16. Nxe6 Rxd5 17. Qe3 Rd3 18. Qf4 Rxc3 19. O-O Bd6 20. Kh1 Rc2 21. Rad1 Qb6 22. Qxe4 Nd3 23. Nd4 Nxf2+ 24. Rxf2 Rxf2 25. Qg4+ Kb8 26. Qxg7 Rc8 27. Ne6 Rxb2 28. Qxh7 c3 0-1

[Event "Winnipeg op"]
[Site "Winnipeg CAN"]
[Date "2025.01.04"]
[Round "3.3"]
[White "Punay, Rhailey"]
[Black "Anderson, Colin"]
[Result "0-1"]
[WhiteElo "1812"]
[BlackElo "2253"]
[WhiteFideId "-1"]
[WhiteFideId "-1"]
[PlyCount "150"]
[GameId "2142984842301690"]
[EventDate "2025.01.03"]
[EventType "swiss"]
[EventRounds "5"]
[EventCountry "CAN"]

1. e4 c5 2. Nf3 Nc6 3. d4 cxd4 4. Nxd4 Nf6 5. Nc3 e5 6. Ndb5 d6 7. Nd5 Nxd5 8. exd5 Ne7 9. c4 Ng6 10. Bd3 Be7 11. O-O O-O 12. f4 f5 13. fxe5 Nxe5 14. Be2 a6 15. Nd4 g6 16. Nf3 Bf6 17. Rb1 a5 18. a3 Ng4 19. Qe1 Re8 20. h3 Qb6+ 21. Kh1 Ne3 22. Bxe3 Qxe3 23. Bd1 Bd7 24. Bc2 Qf4 25. Qf2 Qxc4 26. Qb6 Qc5 27. Qxc5 dxc5 28. Rfe1 Rxe1+ 29. Nxe1 Kf8 30. Nd3 b6 31. Re1 Re8 32. Rxe8+ Kxe8 33. b4 axb4 34. axb4 c4 35. Nc1 Ke7 36. Kg1 Kd6 37. Kf2 Kxd5 38. Ne2 Be5 39. Nc1 h6 40. Kf3 Bc6 41. Kf2 b5 42. Na2 Ke6 43. g4 fxg4 44. hxg4 Kf6 45. Ke3 h5 46. gxh5 gxh5 47. Bd1 h4 48. Bg4 Bb2 49. Bh3 Ke5 50. Kd2 Kf4 51. Kc2 c3 52. Nxc3 Bxc3 53. Kxc3 Kg3 54. Bc8 h3 55. Bxh3 Kxh3 56. Kd4 Kg4 57. Ke5 Be8 58. Kd4 Kf3 59. Kd3 Bf7 60. Kd4 Bc4 61. Kc3 Ke3 62. Kc2 Kd4 63. Kb2 Bg8 64. Ka3 Bh7 65. Kb2 Kc4 66. Ka3 Kc3 67. Ka2 Kxb4 68. Kb2 Kc4 69. Ka2 Kc3 70. Ka1 b4 71. Ka2 b3+ 72. Ka3 b2 73. Ka4 b1=Q 74. Ka5 Qb7 75. Ka4 Qb4# 0-1

[Event "Winnipeg op"]
[Site "Winnipeg CAN"]
[Date "2025.01.04"]
[Round "3.4"]
[White "Protsyuk, Svitlana"]
[Black "Zhou, Joe"]
[Result "1-0"]
[WhiteElo "1884"]
[BlackElo "1902"]
[WhiteFideId "-1"]
[WhiteFideId "-1"]
[PlyCount "47"]
[GameId "2142984842301691"]
[EventDate "2025.01.03"]
[EventType "swiss"]
[EventRounds "5"]
[EventCountry "CAN"]

1. e4 c5 2. c3 Nf6 3. e5 Nd5 4. d4 e6 5. Nf3 Nc6 6. c4 Nde7 7. d5 Nb8 8. d6 Nf5 9. Nc3 a6 10. g4 Nh6 11. h3 b6 12. Ne4 Bb7 13. Bg5 Qc8 14. Bd3 Nc6 15. Bxh6 gxh6 16. Nf6+ Kd8 17. Qd2 Nd4 18. Nxd4 Bxh1 19. O-O-O cxd4 20. Rxh1 Qc5 21. Qf4 Bg7 22. Re1 b5 23. b3 Qa7 24. Nh5 1-0

[Event "Winnipeg op"]
[Site "Winnipeg CAN"]
[Date "2025.01.04"]
[Round "3.5"]
[White "Moeez, Abdul"]
[Black "Nagelberg, Alan"]
[Result "1-0"]
[WhiteElo "1884"]
[BlackElo "1975"]
[WhiteFideId "-1"]
[WhiteFideId "-1"]
[PlyCount "101"]
[GameId "2142984842301692"]
[EventDate "2025.01.03"]
[EventType "swiss"]
[EventRounds "5"]
[EventCountry "CAN"]

1. e4 e5 2. Nc3 Nf6 3. Bc4 Nxe4 4. Qh5 Nd6 5. Qxe5+ Qe7 6. Qxe7+ Bxe7 7. Be2 O-O 8. Nd5 Bd8 9. d4 Nf5 10. Nf3 c6 11. Ne3 d5 12. O-O Re8 13. Bd3 Nd6 14. h3 Nd7 15. Nf5 Nxf5 16. Bxf5 Nf6 17. Bd3 Ne4 18. Bf4 Bf5 19. Rfe1 Ba5 20. Re2 h6 21. c3 Re6 22. Rae1 Rae8 23. Ne5 Nd6 24. Nxc6 Rxe2 25. Rxe2 Bxd3 26. Rxe8+ Nxe8 27. Nxa5 b6 28. Nc6 a6 29. Ne7+ Kf8 30. Nxd5 Bc4 31. Nxb6 Bxa2 32. Kf1 Nf6 33. Ke2 Ke7 34. Be5 g6 35. Bxf6+ Kxf6 36. c4 Ke6 37. b4 Kd6 38. Kd3 f5 39. f4 Bb1+ 40. Kc3 g5 41. g3 h5 42. fxg5 h4 43. gxh4 f4 44. Nd5 f3 45. Ne3 Be4 46. h5 f2 47. g6 Ke6 48. d5+ Kf6 49. d6 Bf3 50. d7 Ke7 51. g7 1-0

[Event "Winnipeg op"]
[Site "Winnipeg CAN"]
[Date "2025.01.04"]
[Round "3.6"]
[White "Hamm, Gabriel"]
[Black "Bilugan, Mason"]
[Result "1-0"]
[WhiteElo "1955"]
[BlackElo "1864"]
[WhiteFideId "-1"]
[WhiteFideId "-1"]
[PlyCount "60"]
[GameId "2142984842367229"]
[EventDate "2025.01.03"]
[EventType "swiss"]
[EventRounds "5"]
[EventCountry "CAN"]

1. d4 Nf6 2. c4 c6 3. Nc3 d5 4. Nf3 a6 5. e3 e6 6. Bd3 dxc4 7. Bxc4 b5 8. Bd3 Be7 9. O-O Bb7 10. Qc2 Nbd7 11. Rd1 O-O 12. e4 g6 13. Bh6 Re8 14. e5 Nd5 15. Nxd5 cxd5 16. Qd2 Qb6 17. Qf4 Bf8 18. Bg5 b4 19. h4 a5 20. h5 Ba6 21. Bc2 Be2 22. Rd2 Bxf3 23. gxf3 a4 24. Bd3 a3 25. b3 Bg7 26. Kg2 Nf8 27. Rh1 Rec8 28. Bf6 Qb7 29. Bxg7 Kxg7 30. Qf6+ Kg8 1-0

[Event "Winnipeg op"]
[Site "Winnipeg CAN"]
[Date "2025.01.04"]
[Round "3.7"]
[White "Villamar, Eros"]
[Black "Bonness, Will"]
[Result "1-0"]
[WhiteElo "1732"]
[BlackElo "1922"]
[WhiteFideId "-1"]
[WhiteFideId "-1"]
[PlyCount "55"]
[GameId "2142984842367230"]
[EventDate "2025.01.03"]
[EventType "swiss"]
[EventRounds "5"]
[EventCountry "CAN"]

1. e4 d5 2. exd5 Qxd5 3. Nc3 Qd8 4. Nf3 Bg4 5. Bc4 Nf6 6. Ne5 Be6 7. Bxe6 fxe6 8. d4 g6 9. O-O Bg7 10. Bf4 O-O 11. Bg3 c6 12. Qd3 Nh5 13. Rad1 Nd7 14. Rfe1 Nxg3 15. hxg3 Nxe5 16. dxe5 Qc7 17. Qd7 Qb6 18. Qxe6+ Kh8 19. Ne4 Qxb2 20. Ng5 h6 21. Nf3 Qxc2 22. Rd7 Rae8 23. Rxb7 Qc3 24. Rd1 Rf5 25. Qxg6 Rxf3 26. gxf3 Rf8 27. Rxe7 Bxe5 28. Qh7# 1-0

[Event "Winnipeg op"]
[Site "Winnipeg CAN"]
[Date "2025.01.04"]
[Round "3.8"]
[White "Pottinger, Carl"]
[Black "Somani, Sagar"]
[Result "1-0"]
[WhiteElo "1778"]
[BlackElo "2004"]
[WhiteFideId "-1"]
[WhiteFideId "-1"]
[PlyCount "125"]
[GameId "2142984842367231"]
[EventDate "2025.01.03"]
[EventType "swiss"]
[EventRounds "5"]
[EventCountry "CAN"]

1. d4 d6 2. Nf3 g6 3. Nc3 Bg7 4. e4 Nc6 5. Bf4 Bg4 6. Bb5 a6 7. Bxc6+ bxc6 8. Be3 Rb8 9. Rb1 Nf6 10. O-O O-O 11. h3 Bd7 12. Qd2 Re8 13. Rfd1 Qc8 14. Kh2 Qb7 15. Ng1 c5 16. f3 cxd4 17. Bxd4 c5 18. Be3 Be6 19. Nge2 Qc7 20. Kh1 Nh5 21. g4 Nf6 22. Nf4 Qc8 23. Nxe6 fxe6 24. Ne2 Nd7 25. b3 Ne5 26. Kg2 Rf8 27. Rf1 Qe8 28. Bh6 Qf7 29. Ng1 c4 30. Bxg7 Kxg7 31. f4 Nd7 32. Qd4+ Kg8 33. Qxc4 Rbc8 34. Qd3 Qf6 35. c4 Nc5 36. Qe3 e5 37. f5 g5 38. Ne2 h6 39. Nc3 e6 40. Rbd1 Qe7 41. Rd2 exf5 42. gxf5 Rcd8 43. Nd5 Qf7 44. Rfd1 Kh8 45. Nc3 Qc7 46. Kh2 Rg8 47. Rg1 Qf7 48. Qf3 Kh7 49. Nd5 Ne6 50. Qh5 Qxh5 51. Nf6+ Kh8 52. Nxh5 Nd4 53. Rd3 Rgf8 54. Ng3 Kg7 55. Rc1 Rc8 56. Re1 Rfe8 57. Ne2 Nc2 58. Red1 Rc6 59. R3d2 Na3 60. Nc3 Kf7 61. Kg3 h5 62. Kf3 Kf6 63. Rg1 1-0

[Event "Winnipeg op"]
[Site "Winnipeg CAN"]
[Date "2025.01.04"]
[Round "3.9"]
[White "Klokow, John"]
[Black "Kuryliw, Ray"]
[Result "1-0"]
[WhiteElo "1785"]
[BlackElo "1905"]
[WhiteFideId "-1"]
[WhiteFideId "-1"]
[PlyCount "89"]
[GameId "2142984842367232"]
[EventDate "2025.01.03"]
[EventType "swiss"]
[EventRounds "5"]
[EventCountry "CAN"]

1. e4 c6 2. Nc3 g6 3. Nf3 d6 4. d4 Bg7 5. Be3 Bg4 6. h3 Bxf3 7. Qxf3 Nd7 8. O-O-O e6 9. Bf4 Nb6 10. h4 Qe7 11. h5 g5 12. Qg3 gxf4 13. Qxg7 Qf6 14. h6 Nd7 15. e5 dxe5 16. Ne4 Qe7 17. Qxh8 O-O-O 18. Qxh7 Ngf6 19. Nxf6 Nxf6 20. Qd3 e4 21. Qa3 Qxa3 22. bxa3 Ng4 23. Rd2 Rh8 24. h7 f5 25. c4 Nf6 26. Be2 Rxh7 27. Rxh7 Nxh7 28. d5 cxd5 29. cxd5 e5 30. Bh5 e3 31. fxe3 fxe3 32. Rc2+ Kd8 33. Bg6 Nf6 34. Bxf5 Ke7 35. Be6 Ne4 36. Re2 Nc5 37. Rxe3 b6 38. Kc2 Kd6 39. g4 e4 40. g5 Ke5 41. g6 Kf6 42. Bf7 Kg7 43. Kc3 Kf6 44. Kd4 Kg7 45. Rxe4 1-0

[Event "Winnipeg op"]
[Site "Winnipeg CAN"]
[Date "2025.01.04"]
[Round "3.10"]
[White "Lake, Pablo"]
[Black "Rutter, Blair"]
[Result "1/2-1/2"]
[WhiteElo "1708"]
[BlackElo "1898"]
[WhiteFideId "-1"]
[WhiteFideId "-1"]
[PlyCount "121"]
[GameId "2142984842367233"]
[EventDate "2025.01.03"]
[EventType "swiss"]
[EventRounds "5"]
[EventCountry "CAN"]

1. e4 c6 2. Nc3 e5 3. d4 exd4 4. Qxd4 d6 5. Bc4 Be6 6. f4 Nd7 7. Nf3 h6 8. O-O Qb6 9. Bb3 c5 10. Qf2 Ngf6 11. h3 O-O-O 12. Kh1 Qc6 13. Re1 Nb6 14. Bxe6+ fxe6 15. a4 a6 16. a5 Nbd7 17. Rb1 d5 18. e5 Ne8 19. b4 Nc7 20. Na2 Nb5 21. Be3 Be7 22. Rec1 d4 23. Bd2 Na3 24. Rb3 Nc4 25. Qe2 Nxd2 26. Nxd2 g5 27. b5 axb5 28. Qxb5 Qxb5 29. Rxb5 Kc7 30. Rcb1 Rb8 31. fxg5 hxg5 32. Nc4 g4 33. Kh2 gxh3 34. gxh3 Nxe5 35. Nxe5 Bd6 36. Kg2 Bxe5 37. Rxc5+ Kd6 38. Rcb5 Rbg8+ 39. Kf2 Rf8+ 40. Ke2 Rxh3 41. Rb6+ Kd5 42. Nb4+ Ke4 43. Re1 Re3+ 44. Kd1 Ra8 45. Rb5 Rxe1+ 46. Kxe1 Bg3+ 47. Kd2 Bd6 48. Nd3 e5 49. Nf2+ Kf5 50. Kd3 Ke6 51. Ne4 Kd7 52. Rxb7+ Bc7 53. a6 Kc6 54. Nc5 Bb6 55. Nd7 Rxa6 56. Rxb6+ Rxb6 57. Nxb6 Kxb6 58. Ke4 Kc5 59. Kxe5 Kc4 60. Kf4 Kd5 61. Kf3 1/2-1/2

[Event "Winnipeg op"]
[Site "Winnipeg CAN"]
[Date "2025.01.05"]
[Round "4.1"]
[White "Klusa, Mark"]
[Black "Wiebe, Isaac"]
[Result "0-1"]
[WhiteElo "1861"]
[BlackElo "2223"]
[WhiteFideId "-1"]
[WhiteFideId "-1"]
[PlyCount "64"]
[GameId "2142984842367234"]
[EventDate "2025.01.03"]
[EventType "swiss"]
[EventRounds "5"]
[EventCountry "CAN"]

1. e4 e6 2. d4 d5 3. exd5 exd5 4. Bd3 Nc6 5. c3 Bd6 6. Qf3 Be6 7. Ne2 Qf6 8. Bf4 O-O-O 9. Nd2 Bf5 10. Be5 Bxe5 11. Qxf5+ Kb8 12. dxe5 Nxe5 13. O-O Qd6 14. Nf3 f6 15. Rad1 Ne7 16. Qh3 g5 17. Nxe5 fxe5 18. Ng3 Qb6 19. Rd2 e4 20. Bb1 Ng6 21. Nf5 h5 22. Rfd1 Nf4 23. Qe3 Qf6 24. Ng3 h4 25. Ne2 Rhg8 26. Nxf4 gxf4 27. Qd4 Qf7 28. Bxe4 f3 29. g3 Rg4 30. Qd3 Rf4 31. Bg6 Qe6 32. Qe3 Qh3 0-1

[Event "Winnipeg op"]
[Site "Winnipeg CAN"]
[Date "2025.01.05"]
[Round "4.2"]
[White "Anderson, Colin"]
[Black "Moeez, Abdul"]
[Result "1-0"]
[WhiteElo "2253"]
[BlackElo "1884"]
[WhiteFideId "-1"]
[WhiteFideId "-1"]
[PlyCount "45"]
[GameId "2142984842367235"]
[EventDate "2025.01.03"]
[EventType "swiss"]
[EventRounds "5"]
[EventCountry "CAN"]

1. e4 e5 2. Nf3 Nc6 3. d4 exd4 4. Nxd4 Nf6 5. Nxc6 bxc6 6. e5 Nd5 7. c4 Bb4+ 8. Bd2 Bxd2+ 9. Qxd2 Ne7 10. Bd3 Ng6 11. O-O O-O 12. f4 Qe7 13. Nc3 Qc5+ 14. Kh1 Ba6 15. b3 Qd4 16. Rad1 Kh8 17. Bxg6 Qxd2 18. Rxd2 hxg6 19. Rxd7 Rad8 20. Rfd1 Rxd7 21. Rxd7 f6 22. e6 Bc8 23. e7 1-0

[Event "Winnipeg op"]
[Site "Winnipeg CAN"]
[Date "2025.01.05"]
[Round "4.3"]
[White "Gres, Yakiv"]
[Black "Protsyuk, Svitlana"]
[Result "0-1"]
[WhiteElo "1918"]
[BlackElo "2062"]
[WhiteFideId "-1"]
[WhiteFideId "-1"]
[PlyCount "82"]
[GameId "2142984842367236"]
[EventDate "2025.01.03"]
[EventType "swiss"]
[EventRounds "5"]
[EventCountry "CAN"]

1. e4 c5 2. Nf3 Nc6 3. d4 cxd4 4. Nxd4 g6 5. Nc3 Bg7 6. Be3 Nf6 7. f3 O-O 8. Qd2 d5 9. Nxc6 bxc6 10. O-O-O Bb7 11. e5 Nd7 12. f4 e6 13. Qf2 f6 14. exf6 Qxf6 15. Bd3 e5 16. Rhf1 d4 17. Ne4 Qe6 18. Qe2 Nb6 19. Nc5 Qxa2 20. Bxd4 exd4 21. Nxb7 Rae8 22. Qg4 Qa1+ 23. Kd2 Qxb2 24. Rb1 Qc3+ 25. Kc1 Qa3+ 26. Kd2 Qe7 27. Na5 Qe3+ 28. Kd1 Na4 29. Rb3 Nc3+ 30. Rxc3 dxc3 31. Nc4 Qe7 32. Qg3 Qb4 33. Ne3 Qb6 34. Rf3 Bd4 35. Ke2 Rf6 36. h4 Qb1 37. Kf2 Qc1 38. h5 Bxe3+ 39. Rxe3 Rxe3 40. Qxe3 Rxf4+ 41. Ke2 Qf1# 0-1

[Event "Winnipeg op"]
[Site "Winnipeg CAN"]
[Date "2025.01.05"]
[Round "4.4"]
[White "Punay, Rhailey"]
[Black "Stordeur, Jackson"]
[Result "0-1"]
[WhiteElo "1812"]
[BlackElo "2000"]
[WhiteFideId "-1"]
[WhiteFideId "-1"]
[PlyCount "93"]
[GameId "2142984842367237"]
[EventDate "2025.01.03"]
[EventType "swiss"]
[EventRounds "5"]
[EventCountry "CAN"]

1. e4 c5 2. Nf3 d6 3. d4 cxd4 4. Nxd4 Nf6 5. Nc3 a6 6. Rg1 e5 7. Nb3 Be6 8. g4 h6 9. Be3 Qc7 10. Qe2 b5 11. O-O-O Nbd7 12. h4 Nb6 13. g5 hxg5 14. hxg5 Nfd7 15. Nd5 Nxd5 16. exd5 Bf5 17. Qd2 g6 18. Bd3 Bxd3 19. Qxd3 Bg7 20. Qe4 O-O 21. Rh1 Rfc8 22. Kb1 a5 23. f4 a4 24. Na1 exf4 25. Bd4 Ne5 26. Qxf4 Qb7 27. Be3 Rc4 28. Qg3 Rac8 29. Bf4 Qc7 30. Rh2 a3 31. b3 Rxf4 32. Qxf4 Qc3 33. Qd4 Qxd4 34. Rxd4 Nf3 35. Rdh4 Nxh2 36. Rxh2 Re8 37. Rh1 Bc3 38. Rg1 b4 39. Rh1 Re5 40. Rg1 Rxd5 41. Rh1 Rxg5 42. Kc1 Bxa1 43. Kd2 Bc3+ 44. Kd3 d5 45. Rh3 f5 46. Ke2 Rg4 47. Re3 0-1

[Event "Winnipeg op"]
[Site "Winnipeg CAN"]
[Date "2025.01.05"]
[Round "4.5"]
[White "Pottinger, Carl"]
[Black "Hamm, Gabriel"]
[Result "0-1"]
[WhiteElo "1778"]
[BlackElo "1955"]
[WhiteFideId "-1"]
[WhiteFideId "-1"]
[PlyCount "82"]
[GameId "2142984842367238"]
[EventDate "2025.01.03"]
[EventType "swiss"]
[EventRounds "5"]
[EventCountry "CAN"]

1. d4 Nf6 2. Bf4 d5 3. Nf3 c5 4. e3 Nc6 5. Nbd2 e6 6. c3 Nh5 7. Bg5 f6 8. Bh4 g6 9. g4 Ng7 10. Bd3 cxd4 11. Nxd4 Bd6 12. Nxc6 bxc6 13. Bg3 O-O 14. O-O e5 15. h3 f5 16. b4 e4 17. Bxd6 Qxd6 18. Be2 f4 19. exf4 Qxf4 20. Kg2 Ne6 21. f3 e3 22. Nb3 Qh6 23. Rh1 Nf4+ 24. Kg3 Qg7 25. Kh2 Qc7 26. Kg1 Nxe2+ 27. Qxe2 Ba6 28. Qg2 Rae8 29. Re1 Qe5 30. Nd4 Rf4 31. Qg3 Qf6 32. Kg2 Rxd4 33. cxd4 Qxd4 34. Qd6 Qd2+ 35. Kg3 Bb5 36. Qd7 Qf2+ 37. Kf4 Re4+ 38. Kg5 Qxf3 39. Qd8+ Qf8 40. Qxf8+ Kxf8 41. Re2 d4 0-1

[Event "Winnipeg op"]
[Site "Winnipeg CAN"]
[Date "2025.01.05"]
[Round "4.6"]
[White "Nagelberg, Alan"]
[Black "Villamar, Eros"]
[Result "1/2-1/2"]
[WhiteElo "1975"]
[BlackElo "1732"]
[WhiteFideId "-1"]
[WhiteFideId "-1"]
[PlyCount "101"]
[GameId "2142984842367239"]
[EventDate "2025.01.03"]
[EventType "swiss"]
[EventRounds "5"]
[EventCountry "CAN"]

1. c4 f5 2. Nc3 Nf6 3. g3 e6 4. Bg2 c6 5. Nf3 d5 6. cxd5 cxd5 7. O-O Bd6 8. d3 Nc6 9. a3 O-O 10. e3 b6 11. b4 Bb7 12. Nb5 Be5 13. Nxe5 Nxe5 14. Bb2 Nc6 15. Rc1 Rc8 16. Qb3 Qd7 17. Nd4 Nxd4 18. Bxd4 Qd6 19. Qb2 Qe7 20. f4 Nd7 21. Rf2 Rxc1+ 22. Qxc1 e5 23. Bb2 Rc8 24. Rc2 Rxc2 25. Qxc2 exf4 26. exf4 Qe3+ 27. Kf1 Kf8 28. Qe2 Qxe2+ 29. Kxe2 g6 30. Bf3 Ke7 31. Bg7 Ke6 32. Ke3 Nf6 33. Kd4 Ne8 34. Be5 Nd6 35. a4 Nc8 36. Bb8 Ne7 37. b5 a6 38. Bc7 axb5 39. axb5 Nc8 40. g4 Na7 41. Bxb6 Nxb5+ 42. Kc5 Nd6 43. Bc7 fxg4 44. Bxg4+ Nf5 45. Be5 h5 46. Bh3 Ba6 47. d4 Bc4 48. Kc6 Bb3 49. Kc7 Bc4 50. Kd8 Bb5 51. Kc7 1/2-1/2